[Event "TUR-ch U13-U18"]
[Site "Antalya"]
[Date "2020.01.24"]
[Round "10"]
[White "Yilmaz, Mehmet Berat"]
[Black "Uckan, Yagiz"]
[Result "0-1"]
[WhiteElo "1402"]
[BlackElo "1464"]
[PlyCount "76"]
[EventDate "2020.01.19"]
[EventType "swiss"]
[EventRounds "11"]
[EventCountry "TUR"]
[SourceTitle "CBM 195 Extra"]
[Source "ChessBase"]
[SourceDate "2020.05.31"]
[SourceVersion "1"]
[SourceVersionDate "2020.05.31"]
[SourceQuality "1"]

1. c4 Nf6 2. g3 e6 3. Bg2 d5 4. Nf3 Be7 5. b3 0-0 6. 0-0 Nbd7 7. Bb2 c6 8. d3 b6 9. Nbd2 Bb7 10. Rc1 c5 11. cxd5 exd5 12. d4 Rc8 13. e3 Re8 14. Re1 Ne4 15. Nxe4 dxe4 16. Nd2 Bf6 17. Qg4 cxd4 18. exd4 Nc5 19. dxc5 Bxb2 20. Rc2 Bc3 21. Rxc3 Qxd2 22. Rce3 Rxc5 23. Rd1 Rc1 24. Ree1 Qxe1+ 25. Rxe1 Rxe1+ 26. Bf1 Ba6 27. Qd7 Rc8 28. Qxa7 Bxf1 29. h4 Be2+ 30. Kh2 Bf3 31. g4 Rh1+ 32. Kg3 Rg1+ 33. Kh2 Rg2+ 34. Kh3 h6 35. Qxb6 Rc1 36. Qd8+ Kh7 37. Qg8+ Kxg8 38. g5 Rh1# 0-1

[Event "TUR-ch U13-U18"]
[Site "Antalya"]
[Date "2020.01.23"]
[Round "8"]
[White "Kartal, Efe Onur"]
[Black "Uckan, Yagiz"]
[Result "1-0"]
[WhiteElo "1695"]
[BlackElo "1464"]
[PlyCount "97"]
[EventDate "2020.01.19"]
[EventType "swiss"]
[EventRounds "11"]
[EventCountry "TUR"]
[SourceTitle "CBM 195 Extra"]
[Source "ChessBase"]
[SourceDate "2020.05.31"]
[SourceVersion "1"]
[SourceVersionDate "2020.05.31"]
[SourceQuality "1"]

1. e4 c5 2. Nc3 Nc6 3. g3 g6 4. Bg2 Bg7 5. d3 e6 6. Be3 b6 7. Nge2 Nge7 8. Qd2 d5 9. Bh6 0-0 10. exd5 exd5 11. 0-0-0 Be6 12. Bxg7 Kxg7 13. Nf4 Rb8 14. h4 h6 15. Nxe6+ fxe6 16. f4 Nf5 17. Qf2 Qf6 18. g4 Qd4 19. Qxd4+ Nfxd4 20. Rhf1 b5 21. Rde1 Rb7 22. f5 exf5 23. gxf5 Rxf5 24. Rxf5 gxf5 25. Nxd5 Kf7 26. c3 Ne6 27. Ne3 Rb6 28. Nxf5 Nf4 29. Be4 Ne5 30. Kd2 Rf6 31. Bd5+ Nxd5 32. Rxe5 Kg6 33. h5+ Kf7 34. Rxd5 Ke6 35. Rxc5 Rxf5 36. Rxf5 Kxf5 37. d4 Ke4 38. Ke2 a5 39. a3 b4 40. axb4 axb4 41. cxb4 Kxd4 42. Kf3 Kc4 43. Kf4 Kxb4 44. Kf5 Kb3 45. Kg6 Kxb2 46. Kxh6 Kc3 47. Kg5 Kd4 48. h6 Ke5 49. h7 1-0